Mechanics of Materials 5th ed (Record no. 562984)
[ view plain ]
| 000 -LEADER | |
|---|---|
| fixed length control field | 00548nam a2200157Ia 4500 |
| 008 - FIXED-LENGTH DATA ELEMENTS--GENERAL INFORMATION | |
| fixed length control field | 210430s9999 xx 000 0 und d |
| 020 ## - INTERNATIONAL STANDARD BOOK NUMBER | |
| International Standard Book Number | 9780748766758 |
| 082 ## - DEWEY DECIMAL CLASSIFICATION NUMBER | |
| Classification number | 620 G354 M |
| 100 ## - MAIN ENTRY--PERSONAL NAME | |
| Personal name | James M Gere |
| 9 (RLIN) | 13396 |
| 245 ## - TITLE STATEMENT | |
| Title | Mechanics of Materials 5th ed |
| Statement of responsibility, etc. | James M Gere |
| 260 ## - PUBLICATION, DISTRIBUTION, ETC. | |
| Place of publication, distribution, etc. | Australia |
| Name of publisher, distributor, etc. | Brooks/Cole |
| Date of publication, distribution, etc. | 2001 |
| 300 ## - PHYSICAL DESCRIPTION | |
| Extent | 926p. |
| 856 ## - ELECTRONIC LOCATION AND ACCESS | |
| Uniform Resource Identifier | <a href="http://10.250.8.41:8080/xmlui/handle/123456789/14707">http://10.250.8.41:8080/xmlui/handle/123456789/14707</a> |
| Link text | For 8th edition click here |
| 856 ## - ELECTRONIC LOCATION AND ACCESS | |
| Uniform Resource Identifier | <a href="http://10.250.8.41:8080/xmlui/handle/123456789/40961">http://10.250.8.41:8080/xmlui/handle/123456789/40961</a> |
| Link text | For 6th edition click here |
| 942 ## - ADDED ENTRY ELEMENTS (KOHA) | |
| Koha item type | Book |
| Source of classification or shelving scheme | |
| Withdrawn status | Lost status | Damaged status | Not for loan | Collection code | Permanent Location | Current Location | Shelving location | Date acquired | Total Checkouts | Full call number | Barcode | Date last seen | Price effective from | Koha item type |
|---|---|---|---|---|---|---|---|---|---|---|---|---|---|---|
| School of Chemical & Materials Engineering (SCME) | School of Chemical & Materials Engineering (SCME) | General Stacks | 620 G354 M | SCME-1871 | 04/30/2021 | 04/30/2021 | Book |
